000 00786nam a2200241 u 4500
001 000062105
005 20200120224157.0
008 140715s2007 ck gr| 000 0 spa d
041 0 _aCspa
043 _ac-k----
082 0 4 _a791.436
_bD71
_221
245 1 0 _aDrácula /
_cdirección Terence Fisher ; guión de Jimmy Sangster ; edición de Bill Lenny.
_h[película]
260 _aBogotá :
_bM.S. T.V. & Video,
_c2007.
300 _a1 DVD (79 min.) :
_bson. , col. ;
_e12 cm.
490 0 _aPlan Audiovisual Nacional;
_v76
650 1 7 _aVampirismo
_xCine
_2LEMB
650 2 7 _aConflicto
_xCine
_2LEMB
650 2 7 _aPsicólogo
_xCine
_2LEMB
650 2 7 _aMisterio
_xCine
_2LEMB
700 1 _aFisher, Terence
_edirector
700 1 _aSangster, Jimmy
_eguionista
700 1 _aLenny, Bill
_eeditor
999 _c8363
_d8363